000 00676nam a22002177a 4500
003 BCEG
005 20260407165149.0
008 260407s2013 mx|||||| |||| 00| 0 spa d
020 _a9788437506906
040 _aBCEG
_bspa
_cBCEG
082 0 4 _a861.6
_bC112s
100 1 _aCaballero Bonald, José Manuel,
_d1926-2021.
245 1 0 _aSombras le avisaron
_b: antología poética 1952-2012.
260 _aMadrid :
_bFondo de Cultura Económica :
_bUniversidad de Alcalá de Henares,
_c2013.
300 _a314 p.
490 _aBiblioteca Premios Cervantes.
541 _aCompra.
586 _aPremio Cervantes, 2012.
650 1 4 _aPoesía española
_vAntologías.
942 _cBK
999 _c437161
_d437161